| 000 | 00441nam a22001697a 4500 | ||
|---|---|---|---|
| 003 | OSt | ||
| 008 | 260427b |||||||| |||| 00| 0 eng d | ||
| 082 |
_a634.6 _bS48V |
||
| 100 | _aSingh, Anil Kumar | ||
| 245 | _aVarietal Studies of Litchi (Litchi Chinensis Sonn.) | ||
| 260 |
_aPusa, Samastipur _bRAU _c1998 |
||
| 300 | _a47P. | ||
| 502 |
_bMsc. _d1998 |
||
| 650 | _aFruit and Fruit Technology | ||
| 650 | _aHorticulture | ||
| 942 |
_2ddc _cT |
||
| 999 |
_c50202 _d50202 |
||